00605 2200217 4500001002100000005001500021035002000036007000300056008004100059020002200100082000800122084001400130100002100144245007000165260004400235300001700279650003400296856002100330700002000351990001600371INLIS00000000000813820260205113024 a0010-0126000135ta260205 0 ind  a978-602-376-833-2 a658 a658 AND m0 aAndri Oktaviani,1 aManajemen Sumber Daya Manusia /cAndri Oktaviani, Rizki Pujiyanto aYogyakarta :bPustaka Baru Press,c2023 a170 ;c24cm. 4aManajemen Sumber Daya Manusia aALUMNI MANAJEMEN0 aRizki Pujiyanto a00000013730